Between investment, asset and use consumption (Record no. 80185)
[ view plain ]
| 000 -LEADER | |
|---|---|
| fixed length control field | 01185cab a22002055a 4500 |
| 001 - CONTROL NUMBER | |
| control field | L143453 |
| 008 - FIXED-LENGTH DATA ELEMENTS--GENERAL INFORMATION | |
| fixed length control field | 080512s2008 xxk 000 0 eng d |
| 035 ## - SYSTEM CONTROL NUMBER | |
| System control number | (Sirsi) u143453 |
| 041 0# - LANGUAGE CODE | |
| Language code of text/sound track or separate title | eng |
| 100 1# - MAIN ENTRY--PERSONAL NAME | |
| Personal name | Ronald, Richard |
| 245 00 - TITLE STATEMENT | |
| Title | Between investment, asset and use consumption |
| Remainder of title | the meanings of homeownership in Japan |
| 260 ## - PUBLICATION, DISTRIBUTION, ETC. | |
| Date of publication, distribution, etc. | 2008 |
| 490 ## - SERIES STATEMENT | |
| Series statement | Housing Studies |
| Volume/sequential designation | 23(2) March 2008, 233-251(18) |
| 520 ## - SUMMARY, ETC. | |
| Summary, etc. | Examines the changing concept of home ownership in Japan with particular emphasis on economic and micro-economic aspects. Looks at how these changes relate to consumption practices, investment and asset building. Considers the expansion of a range of meanings of homeownership into Japanese society. Research used includes direct interviews with Japanese homeowners. Also considers differences in the use values of housing consumption. Argues that commodification and micro-structural processes in the market appear more diverse than in Western housing markets. |
| 590 ## - LOCAL NOTE (RLIN) | |
| Local note | KA |
| 651 #4 - SUBJECT ADDED ENTRY--GEOGRAPHIC NAME | |
| Geographic name | Japan |
| 690 ## - LOCAL SUBJECT ADDED ENTRY--TOPICAL TERM (OCLC, RLIN) | |
| Topical term or geographic name as entry element | PROPERTY-RESIDENTIAL PROPERTY-DOMESTIC RESIDENTIAL PROPERTY |
| 690 ## - LOCAL SUBJECT ADDED ENTRY--TOPICAL TERM (OCLC, RLIN) | |
| Topical term or geographic name as entry element | PROPERTY-RESIDENTIAL PROPERTY-RESIDENTIAL PROPERTY MARKET |
| 942 ## - ADDED ENTRY ELEMENTS (KOHA) | |
| Suppress in OPAC | 0 |
| Withdrawn status | Lost status | Source of classification or shelving scheme | Damaged status | Not for loan | Home library | Current library | Shelving location | Date acquired | Total Checkouts | Full call number | Barcode | Date last seen | Copy number | Price effective from | Koha item type |
|---|---|---|---|---|---|---|---|---|---|---|---|---|---|---|---|
| Dewey Decimal Classification | London | London | Journal article | 12/05/2008 | L143453 | 143453-1001 | 06/08/2019 | 1 | 06/08/2019 | Book |